| 000 | 01811nam a2200385 c 4500 | ||
|---|---|---|---|
| 003 | BLK | ||
| 005 | 20180422115554.0 | ||
| 008 | 180411b bul|||||r ||||||| ||bul|| | ||
| 010 | _aKNG00197056000 | ||
| 020 |
_a978-954-362-170-5 _bиздат.: Мултипринт |
||
| 040 | _aBLK | ||
| 041 |
_aRUS _cRUS |
||
| 072 | 7 |
_2bullib _aН82 _xЛитературознание Н |
|
| 080 |
_aРуска литература _b821.161.1 _x.09 _z821.161.1.09 |
||
| 100 | 1 |
_aЗахариева, Ирина Петровна _eпърви автор _9375917 |
|
| 700 | 1 |
_aМетодиева, Атанаска Симеонова _eпредг. от _9344481 |
|
| 139 |
_aЗахариева, Ирина Петровна _bЗ 40 |
||
| 245 | 1 | 0 |
_aПятая книга формирования литературной классики ХХ века _bКанонизированные формосмыслы, образы и сюжеты русской словесности _cИрина Петровна Захариева; предг. от Атанаска Симеонова Методиева. |
| 257 | _aBGR | ||
| 260 |
_аСофия _bМултипринт _c2016 |
||
| 300 |
_a380 с. _c20 см |
||
| 380 | _a82 | ||
| 500 | _aСлово напутствия новой книге / Атанаска Методиева: с. 7. - Библиогр. под линия. | ||
| 650 | 4 |
_aРуска литература - история и критика _9289827 |
|
| 651 | 4 |
_aРусия _9179465 |
|
| 653 | _aруска литература | ||
| 653 | _aХХ в. | ||
| 653 | _aлитературна критика | ||
| 659 | _aН | ||
| 852 | _aЦб 283333 | ||
| 856 | 4 |
_qpdf _u |
|
| 856 | 4 |
_qpdf _u |
|
| 942 |
_cKNG _n0 |
||
| 944 |
_aCR _c30.11.2016 _lф / _kВиолета_Тройчева |
||
| 944 |
_aED _c09.12.2016 _lф / _kЛюдмила_Стоянова |
||
| 999 |
_c188038 _d188038 |
||